000 00436nam a2200181Ia 4500
005 20250423101513.0
008 250422s9999 xx 000 0 und d
020 _a0139680411
100 _aSmart, Ninian,
245 4 _aThe World's religions
250 _aNorth and South American ed.
260 _aEnglewood Cliffs, N.J.
260 _bPrentice Hall
260 _c1989
300 _a576 p
650 _aReligions.
942 _cBK
999 _c36479
_d36479